000 00715nam a22001817a 4500
999 _c370725
_d370725
008 201130b ||||| |||| 00| 0 eng d
040 _bger
_cDE-2950
_erda
_aDE-2950
041 _ager
245 _aOberärztin in Ruhestand verabschiedet.
_bKlinikum: Dr. Sabine Jacobi von der Klinik für Frauenheilhunde und Geburtshilfe blickt auf 31 Arbeitsjahre zurück.
264 _c2021
653 _aJacobi, Sabine, Gynäkologin
653 _aKlinikum Frankfurt (Oder)
773 _dFrankfurt (Oder): Märkisches Verlags- und Druckhaus GmbH & Co KG
_g32. Jahrgang (2021) Nr. 187 vom 13.08.2021, S. 13: Foto
_tMärkische Oderzeitung
942 _cA